History Quiz

Random History Quiz

Gettysburg Commanders Quiz Stats

 Plays Quiz not verified by Sporcle

Challenge
Share
Tweet
Embed
Score 0/182 Timer 20:00
1 Play Today
Position Commander % Correct
Army of Northern VirginiaGeneral Robert E. Lee
94.4%
Cavalry DivisionBrigadier General Fitzhugh Lee
94.4%
Army of the PotomacMajor General George G. Meade
93.9%
Confederate 1st CorpsLt. General James Longstreet
92.4%
Confederate 1st CorpsMajor General George E. Pickett
92.3%
Confederate 3rd CorpsLt. General Ambrose P. Hill
91.4%
Union I CorpsMajor General John F. Reynolds
90.9%
Union II CorpsMajor General Winfield S. Hancock
90.9%
Cavalry DivisionMajor General J.E.B. Stuart
90.8%
Confederate 2nd CorpsLt. General Richard S. Ewell
90.6%
Confederate 1st CorpsMajor General John Bell Hood
90.4%
Confederate 2nd CorpsMajor General Edward Johnson
90.3%
Confederate 1st CorpsMajor General Lafayette McLaws
90.1%
Union XI CorpsColonel Orland Smith
90%
Confederate 2nd CorpsBrigadier General William Smith
90%
Union III CorpsMajor General Daniel E. Sickles
89.6%
Union Cavalry CorpsBrigadier General John Buford
89.3%
Confederate 1st CorpsBrigadier General Richard B. Garnett
89.1%
Confederate 2nd CorpsMajor General Jubal A. Early
89.1%
Confederate 3rd CorpsMajor General Henry Heth
89.1%
Confederate 3rd CorpsLt. Colonel John J. Garnett
89.1%
Confederate 1st CorpsBrigadier General Lewis A. Armistead
88.8%
Confederate 1st CorpsBrigadier General George T. Anderson
88.8%
Confederate 3rd CorpsMajor General Richard H. Anderson
88.8%
Union XI CorpsMajor General Oliver O. Howard
88.6%
Union VI CorpsMajor General John Sedgwick
88.1%
Union Cavalry CorpsBrigadier General George A. Custer
88.1%
Confederate 1st CorpsBrigadier General James L. Kemper
88%
Union II CorpsBrigadier General Alexander Hays
87.8%
Union V CorpsMajor General George Sykes
87.8%
Union XII CorpsMajor General Henry W. Slocum
87.8%
Confederate 2nd CorpsBrigadier General Harry T. Hays
87.8%
Union XII CorpsBrigadier General Alpheus S. Williams
87.6%
Confederate 2nd CorpsColonel Jesse M. Williams
87.6%
Union I CorpsMajor General Abner Doubleday
87.5%
Confederate 2nd CorpsLt. Colonel Hilary P. Jones
87.5%
Confederate 2nd CorpsBrigadier General John M. Jones
87.5%
Confederate 2nd CorpsMajor General Robert E. Rodes
87.5%
Cavalry DivisionBrigadier General William E. Jones
87.5%
Confederate 3rd CorpsBrigadier General James J. Pettigrew
87.1%
Confederate 1st CorpsColonel Edward P. Alexander
86.3%
Confederate 3rd CorpsBrigadier General James J. Archer
86.3%
Union Cavalry CorpsCaptain James M. Robertson
86.2%
Confederate 1st CorpsBrigadier General Jerome B. Robertson
86.2%
Confederate 3rd CorpsBrigadier General Joseph R. Davis
86.2%
Confederate 3rd CorpsMajor General William D. Pender
86.2%
Cavalry DivisionBrigadier General Beverly H. Robertson
86.2%
Union VI CorpsBrigadier General Horatio G. Wright
86%
Confederate 3rd CorpsBrigadier General Ambrose R. Wright
86%
Union V CorpsColonel Strong Vincent
85.7%
Union I CorpsBrigadier General James S. Wadsworth
85.2%
Union I CorpsBrigadier General John C. Robinson
85.2%
Union II CorpsBrigadier General John C. Caldwell
84.7%
Union I CorpsBrigadier General Solomon Meredith
84.3%
Union Cavalry CorpsColonel Thomas Devin
84.3%
Union Cavalry CorpsMajor General Alfred Pleasonton
84.2%
Confederate 1st CorpsBrigadier General William Barksdale
84.2%
Union I CorpsBrigadier General Henry Baxter
84%
Union Cavalry CorpsColonel William Gamble
83.5%
Union Cavalry CorpsBrigadier General David M. Gregg
83.5%
Union Cavalry CorpsColonel John I. Gregg
83.5%
Position Commander % Correct
Confederate 1st CorpsBrigadier General Evander M. Law
83.5%
Union XII CorpsBrigadier General George S. Greene
83.4%
Confederate 1st CorpsBrigadier General Paul J. Semmes
83%
Confederate 3rd CorpsColonel John M. Brockenbrough
82.7%
Confederate 2nd CorpsBrigadier General John B. Gordon
82.4%
Confederate 1st CorpsBrigadier General Joseph B. Kershaw
82.2%
Union I CorpsBrigadier General Lysander Cutler
81.7%
Union II CorpsColonel Patrick Kelly
81.4%
Union V CorpsBrigadier General Stephen H. Weed
81.4%
Confederate 2nd CorpsColonel J. Thompson Brown
80.9%
Union XI CorpsBrigadier General Francis C. Barlow
80.7%
Union I CorpsColonel Roy Stone
80.6%
Union II CorpsBrigadier General Samuel K. Zook
80.6%
Confederate 1st CorpsBrigadier General Henry L. Benning
80.4%
Union II CorpsCaptain John G. Hazard
79.9%
Union II CorpsColonel Thomas A. Smyth
79.7%
Confederate 3rd CorpsBrigadier General Cadmus M. Wilcox
79.7%
Union V CorpsBrigadier General James Barnes
79.6%
Confederate 2nd CorpsColonel Edward A. O'Neal
79.6%
Confederate 3rd CorpsMajor John Lane
79.6%
Confederate 3rd CorpsBrigadier General James H. Lane
79.6%
Confederate 2nd CorpsBrigadier General George H. Steuart
79.2%
Union II CorpsBrigadier General Alexander S. Webb
79.1%
Confederate 1st CorpsMajor Mathias W. Henry
79.1%
Union III CorpsBrigadier General Andrew A. Humphreys
78.9%
Confederate 1st CorpsMajor James Dearing
78.9%
Confederate 2nd CorpsBrigadier General James A. Walker
78.7%
Confederate 3rd CorpsColonel Reuben L. Walker
78.7%
Union I CorpsBrigadier General Thomas A. Rowley
78.6%
Union XI CorpsBrigadier General Adelbert Ames
78.6%
Union Artillery ReserveBrigader General Robert O. Tyler
78.6%
Confederate 2nd CorpsBrigadier General Alfred Iverson
78.6%
Confederate 3rd CorpsBrigadier General Carnot Posey
78.6%
Confederate 3rd CorpsBrigadier General Edward L. Thomas
78.6%
Union VI CorpsColonel Lewis A. Grant
78.3%
Confederate 1st CorpsBrigadier General William T. Wofford
78.3%
Confederate 2nd CorpsColonel Isaac E. Avery
78.3%
Union Cavalry CorpsColonel John B. McIntosh
78.1%
Confederate 3rd CorpsMajor David G. McIntosh
78.1%
Union Cavalry CorpsBrigadier General Judson Kilpatrick
77.9%
Confederate 2nd CorpsBrigadier General Junius Daniel
77.9%
Confederate 3rd CorpsColonel David Lang
77.4%
Union III CorpsBrigadier General John H.H. Ward
76.9%
Confederate 2nd CorpsLt. Colonel Thomas H. Carter
76.9%
Union II CorpsBrigadier General John Gibbon
76.8%
Union III CorpsMajor General David B. Birney
76.4%
Union VI CorpsBrigadier General Albion P. Howe
76.3%
Union I CorpsBrigadier General Gabriel R. Paul
76.1%
Confederate 3rd CorpsBrigadier General William Mahone
76.1%
Confederate 2nd CorpsBrigadier General Stephen D. Ramseur
75.9%
Union Cavalry CorpsBrigadier General Elon J. Farnsworth
75.8%
Confederate 3rd CorpsColonel Abner M. Perrin
75.8%
Confederate 2nd CorpsBrigadier General Goerge P. Doles
75.6%
Union II CorpsColonel Edward E. Cross
75.3%
Cavalry DivisionColonel John R. Chambliss
75.3%
Confederate 3rd CorpsBrigadier General Alfred M. Scales
75%
Cavalry DivisionBrigadier General Wade Hampton
75%
Union III CorpsBrigadier General Charles K. Graham
74.8%
Union V CorpsBrigadier General Samuel W. Crawford
74.8%
Union I CorpsColonel Charles S. Wainwright
74.3%
Union III CorpsColonel Regis de Trobriand
74.1%
Position Commander % Correct
Union II CorpsColonel Norman J. Hall
74%
Cavalry DivisionBrigadier General John D. Imboden
74%
Union V CorpsColonel Hannibal Day
72.8%
Union I CorpsBrigadier General George J. Stannard
72.3%
Union V CorpsColonel William McCandless
72.2%
Union VI CorpsMajor General John Newton
72.2%
Confederate 2nd CorpsLt. Colonel William Nelson
72%
Cavalry DivisionBrigadier General Albert G. Jenkins
71.8%
Union V CorpsCaptain Augustus P. Martin
71.7%
Union III CorpsBrigadier General Joseph B. Carr
71.5%
Union III CorpsColonel George C. Burling
71.5%
Union Artillery ReserveCaptain Elijah D. Taft
71.3%
Confederate 1st CorpsColonel Henry C. Cabell
71.3%
Union V CorpsColonel Jacob B. Sweitzer
71.2%
Union V CorpsColonel Joseph W. Fisher
71.2%
Confederate 3rd CorpsMajor William T. Poague
71%
Union II CorpsColonel George L. Willard
70.8%
Union II CorpsColonel Samuel S. Carroll
70.7%
Union V CorpsBrigadier General Romeyn B. Ayres
70%
Union XI CorpsColonel Leopold von Gilsa
70%
Union XII CorpsBrigadier General Thomas L. Kane
70%
Union XI CorpsMajor Thomas W. Osborn
69.9%
Union XII Corps1st Lieutenant Edward D. Muhlenberg
69.9%
Confederate 2nd CorpsCaptain Willis J. Dance
69.7%
Union VI CorpsBrigadier General Joseph J. Bartlett
69.5%
Cavalry DivisionMajor Robert F. Beckham
69.5%
Confederate 1st CorpsColonel James B. Walton
69.4%
Union II CorpsColonel John R. Brooke
69.2%
Union Artillery ReserveCaptain Dunbar R. Ransom
69.2%
Union XI CorpsBrigadier General Adolph von Steinwehr
69%
Union III CorpsColonel William R. Brewster
68.9%
Union Cavalry CorpsColonel Pennock Huey
68.7%
Union II CorpsBrigadier General William Harrow
68.2%
Union XI CorpsMajor General Carl Schurz
67.9%
Union Cavalry CorpsCaptain John C. Tidball
67.9%
Union III CorpsCaptain George E. Randolph
67.7%
Confederate 2nd CorpsMajor Joseph W. Latimer
67.5%
Union XI CorpsColonel Charles R. Coster
67.4%
Union VI CorpsBrigadier General Thomas H. Neill
67.2%
Union Cavalry CorpsBrigadier General Wesley Merritt
67.2%
Union V CorpsColonel William S. Tilton
67.1%
Union XII CorpsBrigadier General John W. Geary
66.6%
Confederate 3rd CorpsMajor William R. Pegram
66.6%
Confederate 1st CorpsMajor Benjamin F. Eshleman
66.2%
Union XII CorpsColonel Charles Candy
66.1%
Union VI CorpsColonel Henry L. Eustis
65.6%
Union V CorpsColonel Sidney Burbank
64.4%
Union VI CorpsColonel Charles H. Tompkins
64.3%
Union VI CorpsBrigadier General David A. Russell
63.8%
Union VI CorpsBrigadier General Alfred T.A. Torbert
62.1%
Union VI CorpsBrigadier General Frank Wheaton
62.1%
Union XII CorpsBrigadier General Thomas H. Ruger
61.9%
Union VI CorpsBrigadier General Alexander Shaler
61.4%
Union Artillery ReserveLt. Colonel Freeman McGilvery
61.4%
Union Artillery ReserveCaptain Robert H. Fitzhugh
61.3%
Union XI CorpsColonel Wladmir Krzyzanowski
60.5%
Union XI CorpsBrigadier General Alexander Schimmelfennig
60.3%
Union Artillery ReserveCaptain James F. Huntington
59.3%
Union XII CorpsColonel Archibald L. McDougall
58.3%
Union XII CorpsBrigadier General Henry H. Lockwood
58.3%

You're not logged in!

Compare scores with friends on all Sporcle quizzes.
Join for Free
OR
Log In

You Might Also Like...

Show Comments

Extras

Top Quizzes Today


Score Distribution

Your Account Isn't Verified!

In order to create a playlist on Sporcle, you need to verify the email address you used during registration. Go to your Sporcle Settings to finish the process.

Report this User

Report this user for behavior that violates our Community Guidelines.

Details: